000 01502nam0a2200385 i 4500
001 RU\NLR\BIBL_A\010194665
005 20260531064734.0
010 _a9785443805849
_92000
021 _aRU
_b2013-102149
_938д/14
035 _a(NILC)RuMoRGB-006734181
035 _a(NLR Aleph) 010194665
090 _a10215482
_c10215482
100 _a20140226d2014 um y0rusy50 ca
101 0 _arus
102 _aRU
105 _ay|||z|||000zy
200 1 _aПушкин
_eизнанка роковой интриги
_fЮрий Дружников
210 _aМосква
_cАлгоритм
_d2014
_d[т. е. 2013]
215 _a349, [2] с.
225 1 _aЖизнь Пушкина
300 _aКн. фактически изд. в 2013 г.
320 _aБиблиогр. в подстроч. примеч.
333 _a16+
600 1 _aПушкин
_bА. С.
_f1799 - 1837
_gАлександр Сергеевич
_xБиография
_92086022
_3RU\NLR\AUTH\661262149
675 _a821.161.1.09
686 2 _aШ5(2=Р)51-4Пушкин2
700 1 _aДружников
_bЮ. И.
_f1933-2008
_gЮрий Ильич
_3RU\NLR\AUTH\7779329
_962257
702 1 _4570
_8rus
_7ca
_aПушкин
_bА. С.
_cпоэт
_f1799-1837
_gАлександр Сергеевич
_3RU\NLR\AUTH\77386
_9110441
801 0 _aRU
_bRuMoRKP
_c20131219
_gRCR
801 2 _aRU
_bРГБ
_c20140206
942 _cBOOK
980 _aNBR